Riadenie procesov IT aplikovaním štandardizovaných prístupov diplomová práca

Salvato in:
Dettagli Bibliografici
Autore principale: Dragošová, Bianka
Ente Autore: Fakulta podnikového manažmentu EU. Katedra informačného manažmentu
Altri autori: Romanová, Anita, 1973-
Natura: Libro
Lingua:slovacco
Pubblicazione: Bratislava 2023
Tags: Aggiungi Tag
Nessun Tag, puoi essere il primo ad aggiungerne!!

MARC

LEADER 00000nbm a2200000 4500
001 0293540
005 20240603082816.7
041 0 |a slo 
044 |a SK 
245 1 0 |a Riadenie procesov IT aplikovaním štandardizovaných prístupov  |b diplomová práca  |c Bianka Dragošová ; školiteľ: Anita Romanová 
264 1 |a Bratislava  |c 2023 
300 |a 81 s. 
100 1 |a Dragošová, Bianka 
700 1 |a Romanová, Anita, 1973- 
710 2 |a Fakulta podnikového manažmentu EU. Katedra informačného manažmentu